System Analysis and modeling (Record no. 24211)
[ view plain ]
| 000 -LEADER | |
|---|---|
| fixed length control field | 00319nam a2200157Ia 4500 |
| 082 ## - DEWEY DECIMAL CLASSIFICATION NUMBER | |
| Classification number | 4.21 |
| Item number | BOY |
| 100 ## - MAIN ENTRY--PERSONAL NAME | |
| Personal name | Boyd/Donald W |
| 245 ## - TITLE STATEMENT | |
| Title | System Analysis and modeling |
| 260 ## - PUBLICATION, DISTRIBUTION, ETC. | |
| Name of publisher, distributor, etc. | Academic Press |
| Date of publication, distribution, etc. | 2001 |
| 366 ## - TRADE AVAILABILITY INFORMATION | |
| Publishers's discount category | 25 |
| 300 ## - PHYSICAL DESCRIPTION | |
| Extent | 365 |
| 546 ## - LANGUAGE NOTE | |
| Language note | ENGLISH |
| 654 ## - SUBJECT ADDED ENTRY--FACETED TOPICAL TERMS | |
| Focus term | modeling |
| 942 ## - ADDED ENTRY ELEMENTS (KOHA) | |
| Koha item type | BOOK |
| Withdrawn status | Lost status | Damaged status | Not for loan | Collection | Home library | Current library | Date acquired | Source of acquisition | Cost, normal purchase price | Inventory number | Total Checkouts | Full call number | Barcode | Date last seen | Cost, replacement price | Price effective from | Koha item type |
|---|---|---|---|---|---|---|---|---|---|---|---|---|---|---|---|---|---|
| CRC | Fr. Agnel's C.Rodrigues College of Engineering | Fr. Agnel's C.Rodrigues College of Engineering | 17/03/2023 | Dharma Enterprises | 112.50 | 1578 dt 06/08/2009 | 4.21 BOY | 19883 | 17/03/2023 | 150.00 | BOOK | ||||||
| CRC | Fr. Agnel's C.Rodrigues College of Engineering | Fr. Agnel's C.Rodrigues College of Engineering | 17/03/2023 | Dharma Enterprises | 112.50 | 1578 dt 06/08/2009 | 4.21 BOY | 19884 | 17/03/2023 | 150.00 | BOOK |